000 01389nam a2200229Ia 4500
001 a2112-53253
003 IT-MiCISF
005 20240531104412.0
008 161014s9999||||xx |||||||||||||| ||und||
040 _aIT-MiCISF
_cIT-MiCISF
041 _ait
100 _aDemetrio Duccio, Rigotti Francesca
_960758
245 0 _aSenza figli.
_bUna condizione umana
260 _a Milano,
_bRaffaello Cortina,
_c2012
300 _app. 268
500 _a genitorialità, cultura, filosofia, coppia-senza-figli, nido-vuoto, sterilità, nascita, maternità, paternità
520 _aGli AA., un uomo-non padre e una donna-madre, sono accomunati da un "non più" che vale per chi i figli non li ha più presso di sé e per chi di figli non ne ha avuti e non ne potrà o vorrà più avere. Queste due condizioni convergono in un "senza figli" che è uno dei tratti caratteristici delle società contemporanee, e che costituisce il tema di riflessione di questo volume. Con intelligenza e senza indicare facili soluzioni, gli autori indagano per la prima volta la condizione umana definita dall'essere "senza figli", insistendo sulla specificità e anche sul dolore provocato da tale stato, in un momento in cui si parla soltanto di legami non rescissi, di genitorialità permanente, di autonomia mancata.
650 _agenitorialità
654 _asaggio
942 _cBK
_2ddc
999 _c217051
_d217051
999 _bsi